[Event "C.to provinciale CO"]
[Site "Erba ITA"]
[Date "2015.01.18"]
[Round "3"]
[White "Buonocore, Elio"]
[Black "Mason, Giovanni"]
[WhiteElo "2173"]
[BlackElo "1574"]
[Result "1-0"]
[PlyCount "25"]
[EventDate "2015.01.17"]

1. e4 e6 2. d4 c5 3. Nf3 cxd4 4. Nxd4 a6 5. Nc3 Bb4 6. Qd3 Ne7 7. Qg3 Ng6 8.
Bd3 d6 9. h4 h5 10. Bg5 Qc7 11. O-O Bxc3 12. bxc3 Qxc3 13. Bb5+ 1-0

[Event "C.to provinciale CO"]
[Site "Erba ITA"]
[Date "2015.01.18"]
[Round "3"]
[White "Campanella, Nicola"]
[Black "Rizzi, Pierantonio"]
[WhiteElo "1440"]
[BlackElo "1441"]
[Result "1-0"]
[PlyCount "67"]
[EventDate "2015.01.17"]

1. d4 d5 2. c4 c6 3. Nf3 e6 4. a3 dxc4 5. e3 b5 6. Nc3 Nf6 7. b3 cxb3 8. Qxb3
Be7 9. Bd3 O-O 10. O-O a6 11. Qc2 Bb7 12. Ne4 Nbd7 13. Neg5 g6 14. Nd2 c5 15.
dxc5 Nxc5 16. Be2 Qd5 17. Ngf3 Rac8 18. Qb1 Nce4 19. Nxe4 Nxe4 20. Bb2 Nd2 21.
e4 Qd8 22. Nxd2 Qxd2 23. Bf3 Bc6 24. Rd1 Qa5 25. Qd3 Rcd8 26. Qe3 Rxd1+ 27.
Rxd1 f5 28. h3 Qc7 29. Rc1 Qb7 30. Qc3 Bf6 31. e5 Bxf3 32. exf6 Bd5 33. f7+
Qxf7 34. Qh8# 1-0

[Event "C.to provinciale CO"]
[Site "Erba ITA"]
[Date "2015.01.18"]
[Round "3"]
[White "Iachelini, Gianfranco"]
[Black "Salvade', Ettore"]
[WhiteElo "1470"]
[BlackElo "1565"]
[Result "0-1"]
[PlyCount "118"]
[EventDate "2015.01.17"]

1. e4 e5 2. Nf3 Nc6 3. Be2 b6 4. O-O Bb7 5. d3 Bd6 6. a3 Nf6 7. c4 a5 8. Nc3
O-O 9. Be3 Ne7 10. Bg5 Ng6 11. Qd2 h6 12. Bxf6 Qxf6 13. g3 c5 14. Nd5 Bxd5 15.
cxd5 Rfb8 16. Kh1 b5 17. Ng1 a4 18. Bg4 Qe7 19. Bf5 Nf8 20. Ne2 b4 21. f4 bxa3
22. Rxa3 c4 23. Ra2 cxd3 24. Qxd3 Rb3 25. Qc2 Rb4 26. Nc3 Rc4 27. Qd3 Rb4 28.
Rb1 Ra5 29. Bh3 exf4 30. gxf4 Bxf4 31. d6 Qxd6 32. Qxd6 Bxd6 33. Bg2 Be5 34.
Nd5 Rb7 35. Ne7+ Kh7 36. Nf5 a3 37. b3 Bb2 38. Bf1 Rxb3 39. Bc4 Rb4 40. Nd6 Ne6
41. Bd3 Rd4 42. Bc2 Rxd6 43. e5+ g6 44. exd6 Rd5 45. Rd1 Rxd1+ 46. Bxd1 Nd8 47.
Ba4 Nb7 48. Kg2 Nxd6 49. Bxd7 Ne4 50. Ba4 Nc3 51. Bb3 Nxa2 52. Bxa2 f5 53. h4
g5 54. h5 Kg7 55. Kf3 Kf6 56. Bb3 Be5 57. Ba2 g4+ 58. Kg2 Kg5 59. Bf7 Bd4 0-1

[Event "C.to provinciale CO"]
[Site "Erba ITA"]
[Date "2015.01.18"]
[Round "3"]
[White "La Fontana, Stefano"]
[Black "Rossini, Fulvio"]
[WhiteElo "1664"]
[BlackElo "1984"]
[Result "0-1"]
[PlyCount "76"]
[EventDate "2015.01.17"]

1. e4 e6 2. d4 d5 3. exd5 exd5 4. c4 Nf6 5. Nc3 Be7 6. Nf3 O-O 7. Be2 dxc4 8.
Bxc4 Bg4 9. O-O Nc6 10. d5 Ne5 11. Be2 Nxf3+ 12. Bxf3 Bxf3 13. Qxf3 h6 14. a3
Bd6 15. Be3 Qd7 16. h3 Rfe8 17. Bxh6 Be5 18. Bd2 Bxc3 19. Bxc3 Nxd5 20. Rad1
Rad8 21. Rd4 Re6 22. Qg4 Rg6 23. Qxd7 Rxd7 24. Rfd1 Rgd6 25. Be1 f6 26. f3 c6
27. Bg3 Re6 28. Kf2 Rde7 29. R1d2 Kf7 30. Rc4 Ne3 31. Rc3 Nf5 32. Bb8 a6 33.
Ba7 Rd6 34. Rxd6 Nxd6 35. Bc5 Rd7 36. Rd3 Ne4+ 37. Ke3 Rxd3+ 38. Kxe4 Rd2 0-1

[Event "C.to provinciale CO"]
[Site "Erba ITA"]
[Date "2015.01.18"]
[Round "3"]
[White "Paone, Mario"]
[Black "Bonuglia, Gabriele"]
[WhiteElo "1440"]
[BlackElo "1407"]
[Result "1-0"]
[PlyCount "117"]
[EventDate "2015.01.17"]

1. d4 Nf6 2. g3 g6 3. Bg2 Bg7 4. c3 O-O 5. Nf3 d5 6. O-O Nc6 7. Re1 Bg4 8. Qb3
Rb8 9. Bf4 Re8 10. Nbd2 b5 11. a3 a5 12. e4 dxe4 13. Nxe4 Nxe4 14. Rxe4 b4 15.
Bxc7 Qxc7 16. Rxg4 e6 17. Re4 Bf8 18. Qc4 bxa3 19. bxa3 Red8 20. Ne5 Rb6 21.
Re3 Rd6 22. Nxc6 Rdxc6 23. Bxc6 Rxc6 24. Qd3 Rd6 25. Qc2 Rxd4 26. Rd3 Rc4 27.
a4 Bg7 28. Rc1 e5 29. Qd2 h5 30. Rd7 Qc6 31. Qd5 Qxd5 32. Rxd5 Rxa4 33. c4 e4
34. c5 e3 35. fxe3 Bh6 36. Rd3 Re4 37. Kf2 Re8 38. c6 Rc8 39. Ra3 f5 40. Rxa5
Bf8 41. Ra6 g5 42. h3 Kf7 43. Rd1 f4 44. Rd7+ Ke6 45. gxf4 gxf4 46. exf4 Rxc6
47. Rxc6+ Kxd7 48. Rg6 h4 49. Kf3 Be7 50. Kg4 Ke8 51. Kf5 Kf7 52. Rc6 Kg8 53.
Ke6 Bf8 54. f5 Kg7 55. Rc4 Kg8 56. Rxh4 Kg7 57. Rg4+ Kh8 58. Kf7 Bh6 59. Ke8
1-0

[Event "C.to provinciale CO"]
[Site "Erba ITA"]
[Date "2015.01.18"]
[Round "3"]
[White "Primerano, Carlo"]
[Black "Corti, Filippo"]
[WhiteElo "1706"]
[BlackElo "1587"]
[Result "1/2-1/2"]
[PlyCount "66"]
[EventDate "2015.01.17"]

1. d4 g6 2. c4 Bg7 3. Nc3 Nf6 4. e4 d6 5. f3 c6 6. Be3 a6 7. Qd2 O-O 8. g4 b5
9. h4 Qa5 10. Nge2 b4 11. Nd1 c5 12. a4 Nc6 13. b3 cxd4 14. Nxd4 Bb7 15. Nxc6
Bxc6 16. Rc1 Rfe8 17. Bg2 Rad8 18. O-O Rb8 19. Nb2 Qc7 20. Nd3 a5 21. Nf4 Qb7
22. Nd5 Bxd5 23. exd5 Nd7 24. Rb1 Bc3 25. Qd1 Nc5 26. f4 Qd7 27. Bxc5 dxc5 28.
Be4 Bd4+ 29. Kg2 e6 30. h5 f5 31. gxf5 gxf5 32. Bf3 Qg7+ 33. Kh3 e5 1/2-1/2

[Event "C.to provinciale CO"]
[Site "Erba ITA"]
[Date "2015.01.18"]
[Round "3"]
[White "Revinelli, Sergio"]
[Black "Prete, Alessandro"]
[WhiteElo "1828"]
[BlackElo "1752"]
[Result "1/2-1/2"]
[PlyCount "24"]
[EventDate "2015.01.17"]

1. e4 b6 2. f4 Bb7 3. d3 e6 4. Nf3 g6 5. Be2 Bg7 6. Nc3 Ne7 7. O-O d6 8. Be3
Nd7 9. d4 a6 10. Qd2 c5 11. dxc5 Nxc5 12. Bxc5 bxc5 1/2-1/2

[Event "C.to provinciale CO"]
[Site "Erba ITA"]
[Date "2015.01.18"]
[Round "3"]
[White "Romano', Ido"]
[Black "Gatti, Daniele Guglielmo"]
[WhiteElo "1527"]
[BlackElo "1440"]
[Result "1/2-1/2"]
[PlyCount "69"]
[EventDate "2015.01.17"]

1. Nf3 d5 2. d4 Nf6 3. Bg5 e6 4. a3 Be7 5. Nc3 O-O 6. e3 Nbd7 7. Bd3 a6 8. O-O
c5 9. h3 c4 10. Be2 b5 11. Ne5 Nxe5 12. dxe5 Nd7 13. Bxe7 Qxe7 14. f4 f5 15.
Bf3 Bb7 16. Qe1 Rad8 17. Ne2 Nc5 18. Nd4 Ba8 19. Qb4 Qc7 20. Qd2 Rb8 21. Rfe1
Rb6 22. b3 Rfb8 23. b4 Nd7 24. c3 Nf8 25. g4 g6 26. Qg2 Qg7 27. Kf2 Kh8 28. g5
Qd7 29. Rh1 Kg7 30. h4 Qa7 31. Nc2 Kg8 32. h5 Rd8 33. hxg6 Nxg6 34. Rh6 Rb7 35.
Nd4 1/2-1/2

[Event "C.to provinciale CO"]
[Site "Erba ITA"]
[Date "2015.01.18"]
[Round "3"]
[White "Turati, Pierangelo"]
[Black "Bellotto, Stefano"]
[WhiteElo "1691"]
[BlackElo "2009"]
[Result "0-1"]
[PlyCount "64"]
[EventDate "2015.01.17"]

1. b3 d5 2. Bb2 Nf6 3. e3 g6 4. f4 Bg7 5. Nf3 O-O 6. Be2 c5 7. O-O Nc6 8. Ne5
Qc7 9. Nxc6 bxc6 10. d4 cxd4 11. exd4 Ne4 12. Nd2 Nd6 13. c4 Nf5 14. Nf3 Ne3
15. Qd2 Nxf1 16. Bxf1 Bf5 17. Rc1 Qd6 18. c5 Qc7 19. h3 Bh6 20. g3 Be4 21. Qf2
f6 22. Bg2 Rae8 23. Bc3 Bxf3 24. Bxf3 e5 25. Bd2 Kh8 26. Re1 exf4 27. g4 Re7
28. Rc1 Rfe8 29. Qg2 Bg7 30. g5 fxg5 31. Qxg5 Bxd4+ 32. Kh2 Re2+ 0-1

[Event "C.to provinciale CO"]
[Site "Erba ITA"]
[Date "2015.01.24"]
[Round "4"]
[White "Bellotto, Stefano"]
[Black "Prete, Alessandro"]
[WhiteElo "2009"]
[BlackElo "1752"]
[Result "1/2-1/2"]
[PlyCount "30"]
[EventDate "2015.01.17"]

1. d4 b6 2. c4 Bb7 3. Nc3 e6 4. Nf3 Bb4 5. e3 Nf6 6. Bd3 Ne4 7. Qc2 f5 8. Bd2
Nxd2 9. Qxd2 O-O 10. a3 Bxc3 11. Qxc3 d6 12. O-O-O Nd7 13. h4 Qe7 14. Qc2 d5
15. cxd5 Bxd5 1/2-1/2

[Event "C.to provinciale CO"]
[Site "Erba ITA"]
[Date "2015.01.24"]
[Round "4"]
[White "Bonuglia, Gabriele"]
[Black "Gonella, Graziano"]
[WhiteElo "1407"]
[BlackElo "1180"]
[Result "1-0"]
[PlyCount "67"]
[EventDate "2015.01.17"]

1. d4 Nf6 2. c4 g6 3. Nc3 Bg7 4. Nf3 O-O 5. Bg5 e6 6. e4 d6 7. Qb3 a6 8. e5 h6
9. exf6 Bxf6 10. Bxh6 Kh7 11. Bxf8 Qxf8 12. Ne4 Bd8 13. Nfg5+ Kg7 14. Qh3 Qg8
15. Nf3 Nd7 16. Neg5 Nf6 17. g4 e5 18. dxe5 Bxg4 19. exf6+ Bxf6 20. Qxg4 Re8+
21. Be2 Bxb2 22. Rb1 Bc3+ 23. Nd2 f5 24. Qf3 Bf6 25. Nh3 b6 26. Rg1 Qe6 27. Nf4
Qd7 28. Rxg6+ Kf7 29. Qh3 Rh8 30. Rxf6+ Kxf6 31. Qxh8+ Qg7 32. Nh5+ Kg5 33.
Qxg7+ Kh4 34. Qg3# 1-0

[Event "C.to provinciale CO"]
[Site "Erba ITA"]
[Date "2015.01.24"]
[Round "4"]
[White "Corti, Filippo"]
[Black "Turati, Pierangelo"]
[WhiteElo "1587"]
[BlackElo "1691"]
[Result "0-1"]
[PlyCount "68"]
[EventDate "2015.01.17"]

1. Nf3 d5 2. g3 Bg4 3. Bg2 c5 4. d3 Nf6 5. Nbd2 Nc6 6. O-O e6 7. e4 Be7 8. b3
O-O 9. Bb2 d4 10. a4 e5 11. Nc4 Qc7 12. Qd2 Bxf3 13. Bxf3 h6 14. Bg2 Nh7 15. f4
Bf6 16. Rae1 a6 17. Bc1 Bd8 18. Qe2 Qe7 19. f5 Qf6 20. Qf2 Re8 21. g4 Bc7 22.
h4 Kf8 23. Qg3 Bd8 24. h5 b5 25. Nb2 Nb4 26. Re2 Ng5 27. Kh1 Rc8 28. Qh4 Nxe4
29. Qe1 Nc3 30. Ref2 Qh4+ 31. Kg1 Qxg4 32. Rf3 Bh4 33. Qxh4 Qxh4 34. f6 Ne2#
0-1

[Event "C.to provinciale CO"]
[Site "Erba ITA"]
[Date "2015.01.24"]
[Round "4"]
[White "Crippa, Matteo"]
[Black "Iachelini, Gianfranco"]
[WhiteElo "1559"]
[BlackElo "1470"]
[Result "1-0"]
[PlyCount "135"]
[EventDate "2015.01.17"]

1. e4 e6 2. d4 d6 3. Nf3 Be7 4. Nc3 a6 5. Be2 h6 6. Be3 Bd7 7. Qd2 Nf6 8. h3
Nc6 9. O-O-O d5 10. e5 Ne4 11. Nxe4 dxe4 12. Nh2 Nb4 13. Kb1 Nd5 14. f3 Nxe3
15. Qxe3 exf3 16. Bxf3 c6 17. Rdf1 Qb6 18. Rd1 Bg5 19. Qf2 O-O-O 20. Ng4 h5 21.
Ne3 Bxe3 22. Qxe3 f6 23. g4 hxg4 24. Bxg4 f5 25. Be2 Rh4 26. Qf2 Rdh8 27. Rd3
g5 28. Rg1 Rxh3 29. Rxh3 Rxh3 30. Rxg5 Qd8 31. Qg1 Qxg5 32. Qxg5 Rh1+ 33. Qc1
Rxc1+ 34. Kxc1 Be8 35. Kd2 Kc7 36. Ke3 b6 37. Kf4 a5 38. Kg5 b5 39. Kf6 Bd7 40.
Bh5 Kd8 41. Bf3 Kc7 42. Ke7 Bc8 43. b3 b4 44. Bh5 Bd7 45. Bg6 Bc8 46. Be8 Kb6
47. Kd6 f4 48. Bh5 Kb7 49. Bf3 Kb6 50. Be4 Ka6 51. Kc7 Bb7 52. Bf3 Ba8 53. Kd6
Ka7 54. Kxe6 Bb7 55. Kf5 Kb6 56. Kxf4 Bc8 57. Bg4 Ba6 58. e6 c5 59. dxc5+ Kxc5
60. Ke5 Bb5 61. Bh5 a4 62. e7 axb3 63. axb3 Kb6 64. Kd6 Ka5 65. e8=Q Bxe8 66.
Bxe8 Kb6 67. Kd5 Ka6 68. Kc4 1-0

[Event "C.to provinciale CO"]
[Site "Erba ITA"]
[Date "2015.01.24"]
[Round "4"]
[White "Falchi, Claudio"]
[Black "La Fontana, Stefano"]
[WhiteElo "1852"]
[BlackElo "1664"]
[Result "1-0"]
[PlyCount "131"]
[EventDate "2015.01.17"]

1. d4 Nf6 2. Bf4 g6 3. e3 Bg7 4. Nf3 O-O 5. Be2 d5 6. h3 c5 7. c3 Nc6 8. O-O
Re8 9. Nbd2 c4 10. Ne5 Nd7 11. Nxd7 Bxd7 12. e4 e6 13. Bf3 Ne7 14. Re1 Bc6 15.
Qc2 b5 16. a3 a5 17. Re2 Qb6 18. Rae1 Rad8 19. Nf1 b4 20. Bg5 Rd7 21. Bxe7
Rexe7 22. exd5 Bxd5 23. Bxd5 Rxd5 24. Ne3 Rd8 25. Nxc4 Qc7 26. Ne5 Rc8 27. Re3
bxa3 28. bxa3 Qd6 29. Qa4 Ra7 30. Rb1 Bf8 31. Rb3 Be7 32. Re1 Bd8 33. Reb1 Bc7
34. c4 Ra6 35. c5 Qd5 36. Qb5 Raa8 37. Nf3 Rcb8 38. Qd3 Rxb3 39. Rxb3 Rb8 40.
Rxb8+ Bxb8 41. Qb5 Bc7 42. Qb2 h5 43. Qc2 Kg7 44. Kf1 Kg8 45. Ke2 Kg7 46. Kd3
e5 47. Ne1 Qxd4+ 48. Ke2 e4 49. Qc1 Bb8 50. Qe3 Qxe3+ 51. Kxe3 Ba7 52. Kd4 Kf6
53. Kd5 Ke7 54. Nc2 Kd7 55. Ne3 f5 56. Nc4 a4 57. Ne5+ Ke7 58. Nxg6+ Kf6 59.
Nf4 Bb8 60. Nxh5+ Kg6 61. g4 fxg4 62. hxg4 Kg5 63. Kxe4 Kxg4 64. Nf6+ Kg5 65.
Nd5 Kg6 66. c6 1-0

[Event "C.to provinciale CO"]
[Site "Erba ITA"]
[Date "2015.01.24"]
[Round "4"]
[White "Gatti, Daniele Guglielmo"]
[Black "Mason, Giovanni"]
[WhiteElo "1440"]
[BlackElo "1574"]
[Result "1-0"]
[PlyCount "43"]
[EventDate "2015.01.17"]

1. e4 c5 2. Nf3 Nc6 3. d4 cxd4 4. Nxd4 Qb6 5. Nb3 e6 6. Be3 Qc7 7. a3 a6 8. Nc3
b5 9. Qe2 Rb8 10. O-O-O b4 11. axb4 Bxb4 12. Qg4 Nf6 13. Qxg7 Bxc3 14. Qxh8+
Ke7 15. Bc5+ d6 16. Bxd6+ Qxd6 17. Rxd6 Kxd6 18. bxc3 Ke7 19. Nd4 Ne5 20. f4
Ra8 21. fxe5 Ng4 22. Qg7 1-0

[Event "C.to provinciale CO"]
[Site "Erba ITA"]
[Date "2015.01.24"]
[Round "4"]
[White "Mauri, Agostino"]
[Black "Romano', Ido"]
[WhiteElo "1572"]
[BlackElo "1527"]
[Result "1-0"]
[PlyCount "97"]
[EventDate "2015.01.17"]

1. d4 Nf6 2. c4 e6 3. Nf3 h6 4. a3 Be7 5. Nc3 O-O 6. e4 d6 7. Bd3 Nc6 8. O-O e5
9. d5 Nb8 10. h3 Bd7 11. Be3 c5 12. Bc2 b6 13. Ba4 a6 14. Bxd7 Nbxd7 15. Nd2
Nh7 16. Qc2 Bg5 17. Rfe1 Bxe3 18. Rxe3 Ndf6 19. b4 Nh5 20. Ne2 Ng5 21. bxc5
bxc5 22. Rb1 Qc7 23. Reb3 Rfb8 24. Qb2 Rxb3 25. Qxb3 Qd8 26. Qb6 Qe7 27. Qb7
Qxb7 28. Rxb7 Nf6 29. f3 Ne8 30. Nb3 f6 31. Na5 Nf7 32. Nc6 Kf8 33. a4 Nd8 34.
Nxd8 Rxd8 35. a5 Rc8 36. Nc3 Rc7 37. Rb6 Ra7 38. Na4 Ke7 39. Rc6 Kd8 40. Kf2 g5
41. Kg3 h5 42. h4 gxh4+ 43. Kxh4 Rb7 44. Rxa6 Rb1 45. Kxh5 Rh1+ 46. Kg4 Ra1 47.
Nb6 Kc7 48. Ra7+ Kd8 49. Rd7# 1-0

[Event "C.to provinciale CO"]
[Site "Erba ITA"]
[Date "2015.01.24"]
[Round "4"]
[White "Paone, Mario"]
[Black "Primerano, Carlo"]
[WhiteElo "1440"]
[BlackElo "1706"]
[Result "0-1"]
[PlyCount "122"]
[EventDate "2015.01.17"]

1. d4 e6 2. g3 f5 3. Bg2 Nf6 4. Nf3 d5 5. Bg5 Be7 6. O-O O-O 7. Bxf6 Bxf6 8. e3
c6 9. Nbd2 Nd7 10. Rc1 e5 11. dxe5 Nxe5 12. c3 Bd7 13. Nxe5 Bxe5 14. b3 Qa5 15.
Qc2 Qc7 16. c4 d4 17. exd4 Bxd4 18. Nf3 Bf6 19. Rcd1 Rad8 20. Rd2 f4 21. Rfd1
fxg3 22. hxg3 Bc8 23. c5 Rxd2 24. Rxd2 Rd8 25. Qd1 Rxd2 26. Qxd2 Qd7 27. Bf1
Qxd2 28. Nxd2 Bd4 29. Bc4+ Kf8 30. Ne4 Ke7 31. Kf1 b6 32. cxb6 axb6 33. a4 Bf5
34. Nd2 Kd6 35. Ke2 Kc5 36. f3 Kb4 37. Ne4 Bg6 38. Kd3 Be5 39. g4 b5 40. axb5
cxb5 41. Be6 h5 42. gxh5 Bxh5 43. Ke2 Be8 44. Ke3 Ka3 45. f4 Bb2 46. f5 Bh5 47.
Nf2 b4 48. Kd3 Bf6 49. Kc2 Bf3 50. Nd3 Bg4 51. Nf2 Bf3 52. Nd3 Be4 53. Kd2 Bd4
54. Ke2 Bg2 55. Nf4 Bc6 56. Nd3 Bc3 57. Nf4 Kb2 58. Nd3+ Kc2 59. Ne1+ Bxe1 60.
Kxe1 Be4 61. Ke2 Kc3 0-1

[Event "C.to provinciale CO"]
[Site "Erba ITA"]
[Date "2015.01.24"]
[Round "4"]
[White "Rossini, Fulvio"]
[Black "Coppola, Guido"]
[WhiteElo "1984"]
[BlackElo "1987"]
[Result "1/2-1/2"]
[PlyCount "86"]
[EventDate "2015.01.17"]

1. e4 c5 2. Nc3 Nc6 3. f4 d6 4. Nf3 g6 5. g3 Bg7 6. Bg2 e6 7. O-O Nge7 8. d3
O-O 9. Ne2 Rb8 10. c3 b5 11. g4 f5 12. exf5 exf5 13. Ng5 h6 14. Nh3 fxg4 15.
Nf2 d5 16. Be3 d4 17. Bd2 c4 18. dxc4 bxc4 19. Qa4 Qb6 20. Qxc4+ Kh7 21. cxd4
Ba6 22. Qe6 Bc8 23. Qc4 Nxd4 24. Bc3 Ba6 25. Bxd4 Bxc4 26. Bxb6 Rxb6 27. Rfe1
Rxb2 28. Ng3 Rxf4 29. Rxe7 Rfxf2 30. Be4 Bd3 31. Bxd3 Rxh2 32. Be2 Rh3 33. Kg2
h5 34. Rd1 h4 35. Nf1 Kh6 36. Rdd7 Rxa2 37. Rxa7 Rc2 38. Rac7 Rhc3 39. Rxc3
Bxc3 40. Re4 Ba5 41. Kh1 g5 42. Bxg4 Bc7 43. Be2 Rc6 1/2-1/2

[Event "C.to provinciale CO"]
[Site "Erba ITA"]
[Date "2015.01.24"]
[Round "4"]
[White "Salvade', Ettore"]
[Black "Campanella, Nicola"]
[WhiteElo "1565"]
[BlackElo "1440"]
[Result "0-1"]
[PlyCount "48"]
[EventDate "2015.01.17"]

1. e4 d6 2. Nf3 g6 3. Bc4 Bg4 4. h3 Bxf3 5. Qxf3 Nf6 6. d3 Bg7 7. O-O O-O 8.
Re1 Nc6 9. Qe3 Nd7 10. c3 Nc5 11. d4 Na5 12. Be2 Nd7 13. b4 Nc6 14. d5 Nxb4 15.
Qd2 c6 16. Bb2 Na6 17. Bxa6 bxa6 18. c4 Ne5 19. Bxe5 Bxe5 20. Nc3 Qa5 21. Rec1
Rfc8 22. Rab1 cxd5 23. Qe3 d4 24. Qg5 Bh2+ 0-1

[Event "C.to provinciale CO"]
[Site "Erba ITA"]
[Date "2015.01.24"]
[Round "4"]
[White "Zerboni, Giuseppe"]
[Black "Buonocore, Elio"]
[WhiteElo "1525"]
[BlackElo "2173"]
[Result "1-0"]
[PlyCount "85"]
[EventDate "2015.01.17"]

1. e4 c5 2. Nf3 Nc6 3. d4 cxd4 4. Nxd4 Nf6 5. Nc3 e5 6. Ndb5 d6 7. Bg5 a6 8.
Na3 b5 9. Nd5 Be7 10. Bxf6 Bxf6 11. c4 b4 12. Nc2 O-O 13. Be2 a5 14. O-O Bg5
15. Qd3 Be6 16. Nce3 g6 17. Bg4 Bxg4 18. Nxg4 f5 19. Nge3 f4 20. Nc2 f3 21. g3
Qd7 22. Kh1 Rad8 23. a3 bxa3 24. Rxa3 Rb8 25. b3 Kh8 26. Qc3 h5 27. Rg1 Qa7 28.
Qe1 Qc5 29. Nc7 Rf6 30. Na6 Qb6 31. Nxb8 Qxb8 32. h4 Bh6 33. Kh2 Qb6 34. Rf1
Qc5 35. Ra1 g5 36. Qe3 gxh4 37. Qxc5 hxg3+ 38. Kxg3 dxc5 39. Rh1 Bd2 40. Rxh5+
Kg7 41. Rah1 Nd4 42. Nxd4 cxd4 43. Rd1 1-0

[Event "C.to provinciale CO"]
[Site "Erba ITA"]
[Date "2015.01.25"]
[Round "5"]
[White "Bernasconi, Roberto"]
[Black "Gatti, Daniele Guglielmo"]
[WhiteElo "1870"]
[BlackElo "1440"]
[Result "1-0"]
[PlyCount "125"]
[EventDate "2015.01.17"]

1. e4 e5 2. Nf3 Nc6 3. Nc3 Nf6 4. Bb5 d6 5. d4 exd4 6. Qxd4 Bd7 7. Bxc6 Bxc6 8.
Bg5 Be7 9. O-O-O O-O 10. Rhe1 Nd7 11. Bxe7 Qxe7 12. Nd5 Bxd5 13. exd5 Qd8 14.
Re3 f6 15. Qh4 Ne5 16. Nd4 Ng6 17. Qh5 Nf4 18. Qf5 Ng6 19. Rde1 Ne5 20. f4 Ng6
21. Qg4 Qc8 22. Ne6 Rf7 23. Qh5 Nf8 24. Rh3 g6 25. Qh4 c6 26. Nxf8 Qxf8 27.
dxc6 bxc6 28. Re6 Re8 29. Rhe3 Rxe6 30. Rxe6 g5 31. fxg5 fxg5 32. Qxg5+ Rg7 33.
Qf6 Qxf6 34. Rxf6 Rxg2 35. Rxd6 Rxh2 36. Rxc6 h5 37. c4 h4 38. c5 h3 39. Rh6
Kg7 40. Rh5 Kf7 41. a3 Ke7 42. Rh7+ Kd8 43. b4 Kc8 44. Kd1 Rh1+ 45. Kc2 h2 46.
Kb2 Kb8 47. a4 Kc8 48. b5 Kb8 49. a5 Kc8 50. b6 axb6 51. axb6 Rd1 52. Rxh2 Rd7
53. c6 Rd8 54. Kc3 Rg8 55. Kc4 Rg4+ 56. Kb5 Rg8 57. Ka6 Kb8 58. Rh7 Rc8 59.
Rb7+ Ka8 60. Ra7+ Kb8 61. c7+ Rxc7 62. Rxc7 Ka8 63. Rc8# 1-0

[Event "C.to provinciale CO"]
[Site "Erba ITA"]
[Date "2015.01.25"]
[Round "5"]
[White "Buonocore, Elio"]
[Black "Turati, Pierangelo"]
[WhiteElo "2173"]
[BlackElo "1691"]
[Result "1-0"]
[PlyCount "77"]
[EventDate "2015.01.17"]

1. e4 c5 2. Nf3 d6 3. d4 cxd4 4. Nxd4 Nf6 5. Nc3 a6 6. Be3 e5 7. Nb3 Be7 8. f3
Be6 9. Nd5 Bxd5 10. exd5 Nbd7 11. Qd2 Rc8 12. c4 b6 13. Be2 Nc5 14. O-O O-O 15.
Nc1 a5 16. b3 Nfd7 17. a3 f5 18. b4 f4 19. Bf2 Nb7 20. Bd3 Bf6 21. Rb1 Bh4 22.
Ne2 Bxf2+ 23. Rxf2 Qg5 24. Nc3 Rf6 25. Ne4 Qh4 26. Nxf6+ Nxf6 27. Bf5 Rxc4 28.
Rc1 b5 29. Rxc4 bxc4 30. Rf1 g6 31. Be6+ Kg7 32. Qc3 axb4 33. axb4 Nd8 34. Qxc4
Nxe6 35. dxe6 Ne8 36. Qc8 Qe7 37. Ra1 Kf6 38. b5 Ng7 39. b6 1-0

[Event "C.to provinciale CO"]
[Site "Erba ITA"]
[Date "2015.01.25"]
[Round "5"]
[White "Coppola, Guido"]
[Black "Bellotto, Stefano"]
[WhiteElo "1987"]
[BlackElo "2009"]
[Result "1/2-1/2"]
[PlyCount "52"]
[EventDate "2015.01.17"]

1. e4 g6 2. d4 Bg7 3. Nc3 d6 4. Nf3 a6 5. Be3 b5 6. a3 Bb7 7. Bd3 Nd7 8. O-O c5
9. Qd2 cxd4 10. Bxd4 Ne5 11. Nxe5 dxe5 12. Be3 Nf6 13. f3 O-O 14. Rad1 Qc7 15.
Qf2 Bc6 16. Rd2 Rab8 17. Ba7 Ra8 18. Bc5 Bh6 19. Rdd1 Rfc8 20. b4 e6 21. Bb6
Qb7 22. Ne2 Nh5 23. Be3 Nf4 24. Nxf4 Bxf4 25. g3 Bxe3 26. Qxe3 Qa7 1/2-1/2

[Event "C.to provinciale CO"]
[Site "Erba ITA"]
[Date "2015.01.25"]
[Round "5"]
[White "Corti, Filippo"]
[Black "Paone, Mario"]
[WhiteElo "1587"]
[BlackElo "1440"]
[Result "1-0"]
[PlyCount "45"]
[EventDate "2015.01.17"]

1. Nf3 d5 2. g3 b6 3. Bg2 Bb7 4. d4 Nf6 5. O-O e6 6. b3 Be7 7. Bb2 O-O 8. Nbd2
Nbd7 9. Rc1 c5 10. c4 Rb8 11. cxd5 Bxd5 12. dxc5 Nxc5 13. Nc4 Bb7 14. Be5 Rc8
15. Nd6 Bxd6 16. Qxd6 Ncd7 17. Rfd1 Rxc1 18. Rxc1 Nxe5 19. Qxe5 Bxf3 20. Bxf3
Qd2 21. Qa1 Qd6 22. e3 g6 23. Qxf6 1-0

[Event "C.to provinciale CO"]
[Site "Erba ITA"]
[Date "2015.01.25"]
[Round "5"]
[White "Crippa, Matteo"]
[Black "Bonuglia, Gabriele"]
[WhiteElo "1559"]
[BlackElo "1407"]
[Result "0-1"]
[PlyCount "70"]
[EventDate "2015.01.17"]

1. e4 c5 2. Nf3 d6 3. d4 cxd4 4. Nxd4 Nf6 5. Nc3 e5 6. Ndb5 a6 7. Na3 Be7 8.
Bg5 O-O 9. Be2 Nc6 10. O-O b5 11. Bxf6 Bxf6 12. Nd5 Bb7 13. c4 b4 14. Nc2 a5
15. Nce3 Nd4 16. b3 Bg5 17. Bd3 Bc6 18. Nf5 Nxf5 19. exf5 Bxd5 20. cxd5 Bf6 21.
Be4 Qd7 22. Kh1 a4 23. g4 Ra7 24. Qf3 Rfa8 25. Rg1 h6 26. Qg3 Bg5 27. h4 Bf4
28. Qf3 axb3 29. g5 hxg5 30. hxg5 Ra3 31. Qh5 bxa2 32. f6 Rh3+ 33. Kg2 Rxh5 34.
Kf3 Ra3+ 35. Ke2 Qb5+ 0-1

[Event "C.to provinciale CO"]
[Site "Erba ITA"]
[Date "2015.01.25"]
[Round "5"]
[White "Gonella, Graziano"]
[Black "Salvade', Ettore"]
[WhiteElo "1180"]
[BlackElo "1565"]
[Result "0-1"]
[PlyCount "112"]
[EventDate "2015.01.17"]

1. e4 g6 2. d4 Bg7 3. Nf3 b6 4. Bc4 Bb7 5. Nc3 e6 6. Be3 Ne7 7. Qd2 d5 8. exd5
Bxd5 9. Nxd5 Nxd5 10. Bh6 O-O 11. Bxg7 Kxg7 12. O-O-O Nf6 13. Rhe1 Qc8 14. h3
Nc6 15. d5 Rd8 16. Qc3 Na5 17. dxe6 Rxd1+ 18. Rxd1 Nxc4 19. Qxc4 Qxe6 20. Rd4
Qxc4 21. Rxc4 c5 22. a4 Re8 23. Ng5 Re2 24. Rf4 h6 25. Kd1 hxg5 26. Rxf6 Kxf6
27. Kxe2 Ke5 28. g3 f5 29. Kd3 f4 30. g4 c4+ 31. Ke2 Ke4 32. f3+ Kd5 33. Kd2 a5
34. Kc3 Kc5 35. b3 cxb3 36. Kxb3 Kd4 37. c3+ Ke3 38. Kc4 Kxf3 39. Kb5 Kg3 40.
Kxb6 f3 41. c4 f2 42. c5 f1=Q 43. c6 Qxh3 44. Kb7 Qxg4 45. c7 Kf3 46. c8=Q
Qxc8+ 47. Kxc8 g4 48. Kb7 g3 49. Kb6 g2 50. Kxa5 g1=Q 51. Kb5 Qa7 52. a5 g5 53.
a6 g4 54. Ka5 g3 55. Kb5 g2 56. Ka5 g1=Q 0-1

[Event "C.to provinciale CO"]
[Site "Erba ITA"]
[Date "2015.01.25"]
[Round "5"]
[White "La Fontana, Stefano"]
[Black "Campanella, Nicola"]
[WhiteElo "1664"]
[BlackElo "1440"]
[Result "1-0"]
[PlyCount "93"]
[EventDate "2015.01.17"]

1. e4 d6 2. d4 g6 3. f4 Bg7 4. Nf3 Bg4 5. Be2 Nd7 6. Be3 e5 7. O-O c6 8. c3 Ne7
9. Nbd2 O-O 10. Qe1 Nc8 11. Qg3 Be6 12. Bd3 f6 13. f5 Bf7 14. fxg6 Bxg6 15. Nh4
Ne7 16. Nxg6 Nxg6 17. Rf5 b5 18. Nf3 Kf7 19. a4 a6 20. c4 Rb8 21. axb5 axb5 22.
b3 Ke8 23. h4 Rg8 24. Rh5 Ndf8 25. Rxh7 Qd7 26. Rh5 Qf7 27. dxe5 dxe5 28. Ra7
Ne7 29. Bc5 Nd7 30. Rxd7 Kxd7 31. Rh7 Rb7 32. h5 Qf8 33. Bxe7 Kxe7 34. h6 Ke8
35. Rxg7 Rgxg7 36. hxg7 Rxg7 37. Qh3 Qc5+ 38. Kf1 Rc7 39. Qe6+ Qe7 40. Qxe7+
Kxe7 41. cxb5 cxb5 42. Bxb5 Rb7 43. Bc4 Rc7 44. Ke2 Rd7 45. Kf2 Rd8 46. Nh4 Rf8
47. Ng6+ 1-0

[Event "C.to provinciale CO"]
[Site "Erba ITA"]
[Date "2015.01.25"]
[Round "5"]
[White "Mason, Giovanni"]
[Black "Rizzi, Pierantonio"]
[WhiteElo "1574"]
[BlackElo "1441"]
[Result "1-0"]
[PlyCount "45"]
[EventDate "2015.01.17"]

1. e4 c5 2. Nf3 Nc6 3. Nc3 e6 4. d4 b6 5. d5 exd5 6. exd5 Qe7+ 7. Be3 Nb4 8.
Nb5 d6 9. c3 Na6 10. Bd3 Nf6 11. O-O Nxd5 12. Bg5 Qd7 13. Re1+ Be7 14. c4 f6
15. cxd5 fxg5 16. Nxg5 h6 17. Qh5+ Kd8 18. Ne6+ Qxe6 19. dxe6 Nb4 20. Be4 Rb8
21. Nxd6 Kc7 22. Nb5+ Kd8 23. Rad1+ 1-0